000 00622nam a22001937a 4500
999 _c57473
_d57473
005 20240515161447.0
008 200625s2017 enk||||| |||| 00| 0 eng d
020 _a9780323287821x
041 _aeng
080 _a616.8 W-72
100 _aWinn, Richard H. MD (Author)
_98768
245 _aYoumans and Winn Neurological Surgery :
_bVolume 1 /
_cH. Richard Winn MD (Author).
250 _aseventh edition
264 _aPhiladelphia :
_bElsevier,
_c2017.
300 _a758 p.
_b30 cm.
653 _a ნევროლოგიური ქირურგია
653 _aმედიცინა
942 _2udc
_cBK